00455nam a22001697a 450000500170000000800410001704000070005804100120006508200210007710000140009824500500011226000430016230000330020536500190023865000140025770000140027120220519143658.0220519b ||||| |||| 00| 0 eng d cAL aEnglish 223a032.02bLOKW aLok Sabha aWhos Who:Parliament of India Ninth Lok Sabha  aNew DelhibLok Sabha Secretariatc1992 axxviii,568 p.bHBc20x15 cm. c₹d₹100.00 aLok Sabha aLOK SABHA